NBA Skills Challenge Winners - Statistics

General Stats
  • This quiz has been taken 1,751 times
  • The average score is 5 of 10
Answer Stats
Hint Answer % Correct
2007 Dwyane Wade
63%
2006 Dwyane Wade
63%
2010 Steve Nash
62%
2005 Steve Nash
62%
2011 Stephen Curry
59%
2008 Deron Williams
39%
2009 Derrick Rose
39%
2003 Jason Kidd
39%
2012 Tony Parker
37%
2004 Baron Davis
16%
No matching quizzes found
Score Distribution
Percent of People with Each Score
Percentile by Number Answered
Your Score History
You have not taken this quiz